Municipalities of Gaspésie-Îles-de-la-Madeleine - Statistics

General Stats
  • This quiz has been taken 6 times
  • The average score is 7 of 54
Answer Stats
Type Population Municipality % Correct
City 15627 Gaspé
100%
City 3107 Percé
75%
City 4218 Carleton-sur-Mer
50%
City 6131 Sainte-Anne-des-Monts
50%
City 2547 Cap-Chat
25%
Municipality 1070 Grande-Vallée
25%
Township 609 Hope
25%
Municipality 334 Hope Town
25%
Municipality 180 La Martre
25%
Municipality 12521 Les Îles-de-la-Madeleine
25%
Village 282 Marsoui
25%
Unorganized territory 0 Mont-Alexandre
25%
Village 209 Mont-Saint-Pierre
25%
City 618 Murdochville
25%
Municipality 1344 New Carlisle
25%
Municipality 157 Petite-Vallée
25%
Municipality 2276 Port-Daniel–Gascons
25%
Municipality 153 Rivière-à-Claude
25%
Municipality 274 Sainte-Madeleine-de-la-Rivière-Madeleine
25%
Municipality 1020 Saint-Maxime-du-Mont-Louis
25%
Parish 1251 Saint-Siméon
25%
City 2758 Bonaventure
0%
Municipality 1942 Caplan
0%
Municipality 773 Cascapédia–Saint-Jules
0%
City 7365 Chandler
0%
Township 625 Cloridorme
0%
Unorganized territory 0 Collines-du-Basque
0%
Unorganized territory 0 Coulée-des-Adolphe
0%
Municipality 617 Escuminac
0%
Reserve 664 Gaesgapegiag
0%
City 3307 Grande-Rivière
0%
Municipality 469 Grosse-Île
0%
Municipality 160 L'Ascension-de-Patapédia
0%
Reserve 1645 Listuguj
0%
Municipality 2755 Maria
0%
Municipality 579 Matapédia
0%
Unorganized territory 180 Mont-Albert
0%
City 3856 New Richmond
0%
Municipality 1811 Nouvelle
0%
City 3124 Paspébiac
0%
Municipality 1283 Pointe-à-la-Croix
0%
Municipality 174 Ristigouche-Sud-Est
0%
Unorganized territory 61 Rivière-Bonaventure
0%
Unorganized territory 0 Rivière-Nouvelle
0%
Unorganized territory 0 Rivière-Saint-Jean
0%
Unorganized territory 0 Ruisseau-Ferguson
0%
Municipality 513 Saint-Alexis-de-Matapédia
0%
Municipality 733 Saint-Alphonse
0%
Municipality 145 Saint-André-de-Restigouche
0%
Municipality 460 Saint-Elzéar
0%
Municipality 994 Sainte-Thérèse-de-Gaspé
0%
Municipality 668 Saint-François-d'Assise
0%
Township 361 Saint-Godefroi
0%
Municipality 332 Shigawake
0%
No matching quizzes found
Score Distribution
Percent of People with Each Score
Percentile by Number Answered
Your Score History
You have not taken this quiz